000 00578nam a2200205Ia 4500
005 20251113233744.0
008 230125s9999 xx 000 0 und d
020 _a0-446-39024-0
041 _aeng
082 _a158.1
_bSIM
100 _aSimon S B
_9214925
245 _aGetting unstuck-breaking through your barriers to change
260 _c1989
_bAcademic publication
_aNew Delhi
300 _a296p
500 _aPersonality development
500 _aPersonality Development,
650 _aPersonality Development
_9213420
700 _aSimon S B
_9214925
942 _cBK
999 _c86488
_d86488